LEADER 04669nam 2200613 450 001 996202134303316 005 20230421044619.0 010 $a1-281-84295-8 010 $a9786611842956 010 $a3-527-61613-6 010 $a3-527-61612-8 035 $a(CKB)1000000000376628 035 $a(EBL)482212 035 $a(OCoLC)723943581 035 $a(SSID)ssj0000354716 035 $a(PQKBManifestationID)11925310 035 $a(PQKBTitleCode)TC0000354716 035 $a(PQKBWorkID)10314535 035 $a(PQKB)10780593 035 $a(MiAaPQ)EBC482212 035 $a(EXLCZ)991000000000376628 100 $a20160820h19931993 uy 0 101 0 $aeng 135 $aur|n|---||||| 181 $ctxt 182 $cc 183 $acr 200 00$aReactivity in molecular crystals /$fedited by Yuji Ohashi 210 1$aTokyo, Japan ;$aWeinheim, [Germany] :$cKodansha :$cVCH,$d1993. 210 4$d©1993 215 $a1 online resource (362 p.) 300 $aDescription based upon print version of record. 311 $a3-527-29098-2 320 $aIncludes bibliographical references at the end of each chapters and index. 327 $aReactivity in Molecular Crystals; List of Contributors; Contents; Preface; 1. THEORETICAL APPROACH; 1.1 Potential Energy Calculations of Crystals; 1.2 A Novel Molecular-Dynamics Method to Predict Molecular Crystal Structures; 2. PHYSICO-CHEMICAL APPROACH; 2.1 Development of a New X-Ray Diffractometer (IPD-WAS) for Rapid Measurement; 2.2 Reaction Process in Solid State Studied by High Resolution Electron Spectromicroscopy; 2.3 Analysis of Charge Transfer Complex Formation in the Solid State by Penning lonilation Electron Spectroscopy 327 $a2.4 Analysis of Reactive Species by Time Resolved Infrared Reflection Absorption Spectroscopy2.5 Molecular Motion in Clathrate Crystals Analyred by Solid-state NMR Method; 2.6 Asymmetric Structure Analysis for Reaction Centers of a Molecular Crystal and on a Crystal Surface by EXAFS Spectroscopy; 2.7 Excitation Energy Transfer Between Metal Complexes in Solids; 3. CRYSTALLINE-STATE REACTION; 3.1 Dynamic Structure Analysis of Crystalline-State Reaction; 3.2 Reversible Intercalation of Guest Molecules in Crystals of Cholic Acid 327 $a3.3 How can Crystalline Environment Provide Outstanding Chemistry for Diarylcarbenes or Arylnitrenes4. Solid-to- Solid Organic Reactions; 4.1 Introduction; 4.2 Pinacol and Benzylic Acid Rearrangement; 4.3 Baeyer-Villiger Oxidation; 4.4 Reduction with NaBH4; 4.5 Grignard, Reformatsky and Luche Reactions; 4.6 Coupling Reactions; 4.7 Witting-Horner Reaction; 4.8 Aldol Condensation; 4.9 Dehydration, Rearrangement, Chlorination and Etherification of Secondary Alcohols; 4.10 Host-Guest Inclusion Complexation in the Solid State; 5. Streoselective Solid-State Photoreaction 327 $a5.1 Determining Factors of Molecular Arrangement and Reaction Course in the Crystalline-State Photoreaction of Unsymmetrically Substituted Diolefins5.2 Stereoselectivity in Reactions of Clathrate Crystals; 5.3 Solid-state Photochromism of Tetraphenyldihydro-1,3,5-Triazine and Related Heterocycles; 5.4 Solid-state Photoracemization and Photoisomerization of Alkyl Cobalt Complexes; 6. REACTIVITY AND CRYSTAL STRUCTURE; 6.1 Packing Effect in Solid-State Polymerization of Diethynylbenzene Derivatives by Radiation 327 $a6.2 High Selective Reaction Deduced by Tunneling Effect in the Crystalline Environment6.3 Formation of Bimolecular Films and Crystal Structure; 6.4 Reactivity and Reaction Pathway of the Sulfur Compounds; 6.5 Stereoselectivity and Molecular Recognition in Double Macrocyclic Inclusion Crystals; Index 330 $aDo you need to design syntheses that are* highly selective* fast* enantioselective with quantitative enantiomeric yield? This book describes in detail how best to exploit the enormous synthetic potential of solid state reactions. Written by leading experts, it provides in-depth information on* the theoretical and physico-chemical approach to solid state reactions* solid-to-solid organic reactions* stereoselective solid state photoreactions* reactivity and crystal structureAn ideal companion to Dunitz and Bu?rgi's 'Structure Correlation', this 606 $aMolecular crystals 606 $aChemical reactions 615 0$aMolecular crystals. 615 0$aChemical reactions. 676 $a548 676 $a548.85 702 $aO?hashi$b Yu?ji$f1941- 801 0$bMiAaPQ 801 1$bMiAaPQ 801 2$bMiAaPQ 906 $aBOOK 912 $a996202134303316 996 $aReactivity in molecular crystals$92016854 997 $aUNISA LEADER 02910nam 22006255 450 001 9910735580703321 005 20251116134601.0 010 $a9783839466476 010 $a3839466474 024 7 $a10.1515/9783839466476 035 $a(CKB)27068584500041 035 $a(DE-B1597)644930 035 $a(DE-B1597)9783839466476 035 $a(MiAaPQ)EBC7260942 035 $a(OCoLC)1387607618 035 $a(Perlego)3788736 035 $a(EXLCZ)9927068584500041 100 $a20230808h20232023 fg 101 0 $ager 135 $aur||||||||||| 181 $ctxt$2rdacontent 182 $cc$2rdamedia 183 $acr$2rdacarrier 200 10$aDavid Lynchs »Mulholland Drive« verstehen $eVisuelles Erzählen und die Dramaturgie der offenen Form /$fChristine Lang 210 1$aBielefeld : $ctranscript Verlag, $d[2023] 210 4$d©2023 215 $a1 online resource (288 p.) 225 0 $aFilm 311 08$a9783837666472 327 $tFrontmatter -- $tInhalt -- $tDanksagung -- $tEinleitung -- $tI Mulholland Drive: dramaturgische Grundlagen -- $tII Die dramaturgische Analyse ? Szene für Szene -- $t1 Die Exposition -- $t2 Der Haupterzählstrang: Betty Elms -- $t3 Zweiter Handlungsstrang: Adam Kesher -- $t4 Die Intrige: Mr. Roque und die Mafia -- $t5 Die Nebenintrige: Der Auftragsmörder Joe -- $t6 Die Nebenhandlung: Dan -- $t7 Der 3. Akt -- $tIII Schlussbemerkung -- $tTabellarische Übersicht der Szenen -- $tLiteratur 330 $a»Mulholland Drive« (2001) von David Lynch ist ein Filmklassiker und ein Stück Popkultur. Seine Attraktion beruht vor allem auf der bedeutungsoffenen und »verrätselnden« Erzählweise, welche Zuschauende zur Interpretation einlädt. Christine Lang legt in einer detaillierten Studie dar, wie sich diese Rezeptionsbeziehung realisiert. Sie analysiert die narrative Struktur und die ästhetischen Strategien mit Methoden und Begriffen der Dramaturgie und macht den Film und seine avancierte Erzählweise dadurch inhaltlich nachvollziehbar. 606 $aSOCIAL SCIENCE / Media Studies$2bisacsh 610 $aAesthetics. 610 $aAnalogue Media. 610 $aDavid Lynch. 610 $aDramaturgy. 610 $aFilm Aesthetics. 610 $aImage. 610 $aMedia Aesthetics. 610 $aMedia Studies. 610 $aMedia. 610 $aPopular Culture. 610 $aPostmodernism. 610 $aStorytelling. 610 $aVisual Studies. 615 7$aSOCIAL SCIENCE / Media Studies. 676 $a791.43/72 700 $aLang$b Christine$4aut$4http://id.loc.gov/vocabulary/relators/aut$00 712 02$aVernetzungs- und Kompetenzstelle Open Access Brandenburg$4fnd$4http://id.loc.gov/vocabulary/relators/fnd 801 0$bDE-B1597 801 1$bDE-B1597 906 $aBOOK 912 $a9910735580703321 996 $aDavid Lynchs »Mulholland Drive« verstehen$93540462 997 $aUNINA